[Event "10th Norway Chess 2022"]
[Site "Stavanger"]
[Date "2022.06.06"]
[Round "6.2"]
[White "Giri, Anish"]
[Black "Anand, Viswanathan"]
[Result "1/2-1/2"]
[WhiteElo "2761"]
[BlackElo "2751"]
[Annotator "TA"]
[PlyCount "70"]
[EventDate "2022.05.30"]
[EventType "tourn"]
[EventCountry "NOR"]
[SourceTitle "playchess.com"]
[Source "ChessBase"]
[SourceQuality "1"]

{[%evp 11,70,10,14,0,0,0,0,0,-10,-13,0,0,0,-8,9,0,4,0,0,0,0,0,0,0,0,0,0,12,33,33,36,19,25,0,44,42,41,42,44,21,21,21,25,22,23,25,29,29,29,18,41,18,17,16,25,8,7,0,25,0,13]} 1. c4 {[%emt 0:00:02]} c5 {[%emt 0:00:08]} 2. Nf3 {[%emt 0:00:13]} Nf6 {[%emt 0:00:08]} 3. g3 {[%emt 0:00:15]} d5 {[%emt 0:01:36]} 4. cxd5 {[%emt 0:00:32]} Nxd5 {[%emt 0:00:08]} 5. Bg2 {[%emt 0:00:09]} Nc6 {[%emt 0:00:34]} 6. Nc3 {[%emt 0:00:08]} g6 {[%emt 0:00:14]} 7. h4 {[%emt 0:00:15] A34: Symmetrical English: 2 Nc3, lines with ...d5.} h6 {[%emt 0:02:27]} 8. O-O {[%emt 0:13:11]} Bg7 {[%emt 0:00:23]} 9. d3 {[%emt 0:11:53]} Be6 {[%emt 0:10:33]} 10. Bd2 {[%emt 0:02:33]} Rc8 {[%emt 0:02:33]} 11. Rc1 {[%emt 0:04:18]} b6 {[%emt 0:04:39]} 12. a3 {[%emt 0:00:53][%cal Ob2b4]} O-O {[%emt 0:02:47]} 13. Nxd5 {[%emt 0:04:27]} Bxd5 {[%emt 0:00:23]} 14. b4 {[%emt 0:00:04]} cxb4 {[%emt 0:05:25]} 15. axb4 {[%emt 0:00:13] [#]} Bxf3 $146 {[%emt 0:14:38]} ({Predecessor:} 15... e5 16. Re1 e4 17. dxe4 Bxe4 18. b5 Bxf3 19. Bxf3 Nd4 20. Bc6 Qf6 21. Qa4 a6 22. Qxa6 Nxc6 23. bxc6 Rxc6 24. Rxc6 Qxc6 {1-0 (78) Uhlmann,W (2575)-Adamski,J (2470) Bucharest 1978}) 16. Bxf3 {[%emt 0:00:29]} Nd4 {[%emt 0:00:12]} 17. Be4 {[%emt 0:10:59]} Rxc1 {[%emt 0:01:01]} 18. Bxc1 {[%emt 0:00:08]} Qd6 {[%emt 0:00:26]} 19. Bd2 {[%emt 0:03:00]} Rc8 {[%emt 0:03:50]} 20. e3 {[%emt 0:01:03]} Nb5 {[%emt 0:05:28]} 21. h5 {[%emt 0:06:21] [#] aiming for hxg6.} g5 {[%emt 0:02:13]} 22. Qa4 {[%emt 0:16:44]} Nc3 {[%emt 0:02:06]} 23. Bxc3 {[%emt 0:01:08]} Bxc3 {[%emt 0:01:04]} 24. Qxa7 {[%emt 0:10:28]} Bxb4 {[%emt 0:00:51]} 25. Rb1 {[%emt 0:00:14]} (25. Qa2 {is interesting.} Ba5 26. d4 Rc3 27. Rb1) 25... Ba5 {[%emt 0:01:39]} 26. d4 {[%emt 0:00:54]} Kg7 {[%emt 0:02:09]} 27. Qa6 {[%emt 0:00:20]} Qe6 {[%emt 0:02:29][%cal Oe6e4]} 28. Bd3 {[%emt 0:01:00]} Qc6 {[%emt 0:01:36]} 29. Bf5 {[%emt 0:04:19]} Rc7 {[%emt 0:01:39]} 30. Qe2 {[%emt 0:00:13]} Qd5 {[%emt 0:00:57]} 31. Bd3 {[%emt 0:01:20]} Rc3 {[%emt 0:00:40]} 32. Rd1 {[%emt 0:00:07]} Bb4 {[%emt 0:03:12]} 33. Qb2 {[%emt 0:00:41]} Qb3 {[%emt 0:00:40]} 34. Qe2 {[%emt 0:01:02]} Qd5 {[%emt 0:00:31]} 35. Qb2 {[%emt 0:01:07]} Qb3 {[%emt 0:00:12] Weighted Error Value: White=0.06 (flawless) /Black=0.04 (flawless)} 1/2-1/2

[Event "10th Norway Chess 2022"]
[Site "Stavanger"]
[Date "2022.06.06"]
[Round "6.2"]
[White "Radjabov, Teimour"]
[Black "Topalov, Veselin"]
[Result "1/2-1/2"]
[WhiteElo "2753"]
[BlackElo "2730"]
[Annotator "TA"]
[PlyCount "74"]
[EventDate "2022.05.30"]
[EventType "tourn"]
[EventCountry "NOR"]
[SourceTitle "playchess.com"]
[Source "ChessBase"]
[SourceQuality "1"]

{[%evp 19,74,-15,0,-39,-22,-95,-78,-95,-88,-91,-83,-80,-82,-92,-75,-191,-155,-156,-95,-114,-113,-218,-227,-222,-193,-283,-273,-293,-282,-299,-293,-298,-205,-264,-236,-328,-325,-335,-311,-352,-332,-430,-381,-407,-379,-343,-343,-472,-435,-671,-666,-631,-642,-622,-611,-597,0]} 1. Nf3 {[%emt 0:16:21]} d5 {[%emt 0:00:01]} 2. d4 {[%emt 0:00:01]} Nf6 {[%emt 0:00:02]} 3. c4 {[%emt 0:00:01]} c6 4. Nc3 {[%emt 0:00:02]} e6 {[%emt 0:00:01]} 5. Bg5 {[%emt 0:00:01][%cal Bc1g5,Bg5h4,Bh4g3][%mdl 32]} h6 6. Bh4 {[%emt 0:00:01]} dxc4 {[%emt 0:00:02]} 7. e4 {[%emt 0:00:01]} g5 8. Bg3 {[%emt 0:00:02]} b5 {[%emt 0:00:01]} 9. Be2 {[%emt 0:00:01]} Bb7 {[%emt 0:00:01]} 10. e5 {[%emt 0:00:18]} Nh5 {[%emt 0:00:06]} 11. a4 {[%emt 0:00:14] D43: Semi-Slav: 5 Bg5 h6.} a6 {[%emt 0:00:11] [#]} 12. Qc2 $146 {[%emt 0:00:51]} (12. Nxg5 $1 $11 {keeps the balance.} Nxg3 13. Nxf7 Kxf7 14. fxg3) ({Predecessor:} 12. Nxg5 Nxg3 13. Nxf7 Kxf7 14. fxg3 Rh7 15. O-O+ Kg8 16. Bg4 Nd7 17. Bxe6+ Kh8 18. Qg4 {1-0 (41) Mchedlishvili,M (2613)-Deepan Chakkravarthy,J (2524) Kolkata 2009}) 12... Nd7 {[%emt 0:00:12]} 13. Rd1 {[%emt 0:00:21] Black is better.} Qb6 {[%emt 0:00:08]} 14. O-O {[%emt 0:00:08]} Nxg3 {[%emt 0:00:06]} 15. hxg3 {[%emt 0:00:03]} Be7 {[%emt 0:00:12]} 16. Rfe1 {[%emt 0:00:29]} O-O-O {[%emt 0:00:17]} 17. b3 {[%emt 0:01:32]} (17. Ne4 $17) 17... cxb3 {[%emt 0:00:03]} 18. Qxb3 {[%emt 0:00:01][%cal Ra4b5] [#]} Kb8 {[%emt 0:00:01]} (18... g4 $142 $1 {[%cal Rg4f3]} 19. Nh4 h5) 19. axb5 $17 {[%emt 0:02:19]} cxb5 {[%emt 0:00:01]} 20. Bf1 {[%emt 0:00:33]} (20. Nxb5 $17 {was necessary.} axb5 21. Bxb5) 20... g4 $19 {[%emt 0:00:08]} 21. Nh4 {[%emt 0:00:21]} Rc8 {[%emt 0:00:16]} 22. d5 {[%emt 0:00:08]} (22. Ne4 {keeps fighting.}) 22... Bxh4 {[%emt 0:00:13]} 23. gxh4 {[%emt 0:00:01]} g3 24. Rd2 {[%emt 0:00:14]} gxf2+ {[%emt 0:00:05]} 25. Rxf2 Qd4 {[%emt 0:00:05]} 26. Ne2 {[%emt 0:00:51]} Qxd5 {[%emt 0:00:01]} 27. Qb2 {[%emt 0:00:06]} Qc5 {[%emt 0:00:03]} (27... Nxe5 28. Nf4 Nc4 29. Qxh8 Rxh8 30. Nxd5 Bxd5 31. Rxf7 $11) ({Wrong is} 27... Qxe5 $2 28. Qd2 Qc5 29. Rc1 (29. Qxd7 $2 Rcd8 $19)) 28. Nd4 {[%emt 0:00:07]} Nb6 {[%emt 0:00:07]} ({Not} 28... Nxe5 {[#]} 29. Rxe5 $1 Qe7 30. Ree2 $16) 29. Nb3 {[%emt 0:00:10]} Qc3 {[%emt 0:00:05]} 30. Qb1 Rc7 {[%emt 0:00:04]} 31. Rc1 {[%emt 0:00:07]} Qxe5 {[%emt 0:00:02]} 32. Rxc7 {[%emt 0:00:04]} Qxc7 {[%emt 0:00:01]} 33. Rc2 {[%emt 0:00:14]} Qe5 {[%emt 0:00:07] Threatens to win with ...Qe3+. Black is clearly winning.} 34. Nc5 {[%emt 0:00:02]} (34. Qc1 $142) 34... Qd4+ {[%emt 0:00:01]} 35. Kh2 {[%emt 0:00:08]} Qxh4+ {[%emt 0:00:01]} 36. Kg1 Qd4+ {[%emt 0:00:01]} 37. Kh2 Qh4+ $2 {Weighted Error Value: White=0.51/Black=0.17 (very precise)} (37... Rc8 $19 38. Qc1 Ka7 39. Nxb7 Rxc2 40. Qxc2 Kxb7) 1/2-1/2

[Event "10th Norway Chess 2022"]
[Site "Stavanger"]
[Date "2022.06.06"]
[Round "6.2"]
[White "Wang, Hao"]
[Black "Vachier-Lagrave, Maxime"]
[Result "0-1"]
[WhiteElo "2744"]
[BlackElo "2750"]
[Annotator "TA"]
[PlyCount "64"]
[EventDate "2022.05.30"]
[EventType "tourn"]
[EventCountry "NOR"]
[SourceTitle "playchess.com"]
[Source "ChessBase"]
[SourceQuality "1"]

{[%evp 11,64,14,6,0,-7,-33,5,10,9,13,28,20,6,0,26,7,0,0,0,0,0,0,0,0,0,0,0,0,33,2,0,0,0,0,0,6,0,0,0,0,0,-29,-29,-30,-26,-31,-40,-38,-20,-23,0,-14,-16,-550,-531]} 1. d4 {[%emt 0:00:02]} Nf6 {[%emt 0:00:02]} 2. Nf3 {[%emt 0:00:02]} g6 {[%emt 0:00:02]} 3. Bf4 {[%emt 0:00:06]} Bg7 {[%emt 0:00:05]} 4. e3 {[%emt 0:00:02]} d6 {[%emt 0:00:08]} 5. h3 {[%emt 0:00:04]} c5 {[%emt 0:00:14]} 6. c3 {[%emt 0:00:11]} Qb6 {[%emt 0:00:06]} 7. Qc1 {[%emt 0:00:13] A48: 1 d4 Nf6 2 Nf3 g6: Torre, London and Colle Systems.} O-O {[%emt 0:00:07]} 8. Be2 {[%emt 0:00:04]} Bf5 {[%emt 0:00:26]} 9. Nbd2 {[%emt 0:00:05] The position is equal.} cxd4 {[%emt 0:00:15]} 10. exd4 {[%emt 0:00:06]} Nd5 {[%emt 0:00:01]} 11. Bh2 {[%emt 0:00:22]} Nc6 {[%emt 0:00:35]} 12. O-O {[%emt 0:00:16]} Rac8 {[%emt 0:00:14] [#]} 13. Nc4 $146 {[%emt 0:00:04]} ({Predecessor:} 13. Bc4 Nf6 14. Re1 d5 15. g4 Bxg4 16. hxg4 Nxg4 17. Bxd5 Nxd4 18. Bg3 Nf5 19. Nh2 {1-0 (53) Fischer,J-Kabisch,T Bad Lauterberg 1981}) 13... Qc7 {[%emt 0:00:07]} 14. Ne3 {[%emt 0:01:24]} Nxe3 {[%emt 0:00:05]} 15. Qxe3 {[%emt 0:00:04]} Qb6 {[%emt 0:00:20]} 16. Nh4 {[%emt 0:00:23]} Bd7 {[%emt 0:00:06]} ({Much less strong is} 16... Qxb2 17. Nxf5 gxf5 18. Rfb1 $14) 17. Qd2 {[%emt 0:00:08]} e5 {[%emt 0:00:13]} 18. dxe5 $1 {[%emt 0:00:03]} Nxe5 {[%emt 0:00:01]} 19. Nf3 {[%emt 0:00:06] [#] Strongly threatening Nxe5.} Be6 {[%emt 0:00:20]} 20. Rfd1 {[%emt 0:00:14]} Bc4 {[%emt 0:00:12]} (20... Rfe8 {keeps more tension.} 21. Bf4 Bc4 22. Nxe5 Bxe2 23. Be3 Qa6) 21. Nd4 {[%emt 0:00:52]} Bxe2 {[%emt 0:00:33]} 22. Qxe2 {[%emt 0:00:01]} Rfe8 23. Qb5 {[%emt 0:00:13] Threatening Qxb6.} Qc7 {[%emt 0:00:08]} (23... Qxb5 24. Nxb5 Nc4 25. Nxd6 Nxd6 26. Rxd6 $16 (26. Bxd6 Re2 $16)) 24. Re1 {[%emt 0:00:15]} a6 {[%emt 0:00:01]} 25. Qa4 {[%emt 0:00:03]} Qc4 {[%emt 0:00:29]} 26. Qa3 {[%emt 0:00:42]} Nd3 {[%emt 0:00:06][%csl LRd4,LRe1]} 27. Rxe8+ {[%emt 0:00:03]} Rxe8 {[%emt 0:00:01]} 28. Bg3 $1 {[%emt 0:00:29]} Be5 {[%emt 0:00:13]} 29. Rd1 {[%emt 0:00:11]} Bxg3 {[%emt 0:00:05]} ({Don't play} 29... Bxd4 30. cxd4 Nc1 31. Qxd6 $11) 30. fxg3 {[%emt 0:00:02]} Nc5 {[%emt 0:00:02]} 31. g4 {[%emt 0:00:14]} Qd5 {[%emt 0:00:03] [#] White must now prevent ...Re2.} 32. Qb4 $2 {[%emt 0:00:54][%mdl 8192]} (32. Qa5 $11) 32... Re2 $1 {[%emt 0:00:07] Weighted Error Value: White=0.34/Black=0.05 (flawless)} 0-1

[Event "10th Norway Chess 2022"]
[Site "Stavanger"]
[Date "2022.06.09"]
[Round "8.1"]
[White "Carlsen, Magnus"]
[Black "Vachier-Lagrave, Maxime"]
[Result "1/2-1/2"]
[WhiteElo "2864"]
[BlackElo "2750"]
[Annotator "TA"]
[PlyCount "157"]
[EventDate "2022.05.30"]
[EventType "tourn"]
[EventCountry "NOR"]
[SourceTitle "playchess.com"]
[Source "ChessBase"]
[SourceQuality "1"]
[TimeControl "40/7200:0"]

{[%evp 16,157,5,12,33,29,17,33,25,26,29,26,31,36,29,12,17,7,11,10,10,-42,-42,-46,-45,-41,-12,-63,-60,-74,-53,-55,-55,-57,-50,-75,-62,-53,-50,-64,-62,-48,-48,-48,-48,-47,0,-52,-36,-62,-61,-62,-61,-61,-61,-80,-80,-80,-80,-80,-59,-59,-59,-60,-56,-117,-117,-117,-117,-116,-116,-116,-116,-148,-132,-245,-241,-306,-306,-296,-281,-343,-160,-160,-69,-69,-69,-80,-80,-80,-20,-24,-12,-12,0,-80,-80,-80,-80,-80,-80,-470,-470,-463,-463,-80,-80,-80,-80,-80,-80,-80,-80,-80,0,-80,-80,-80,-80,-80,-80,-80,-80,-80,-80,-80,-80,-80,-80,-80,-80,-80,-80,-80,-80,-80,0,-80,-80,-80,-80,-80,-80,-80]} 1. d4 {[%emt 0:00:03]} Nf6 {[%emt 0:00:02]} 2. c4 {[%emt 0:00:16]} g6 {[%emt 0:00:02]} 3. Nc3 {[%emt 0:00:08]} d5 {[%emt 0:00:02]} 4. cxd5 {[%emt 0:00:18]} Nxd5 {[%emt 0:00:05]} 5. e4 {[%emt 0:00:08]} Nxc3 {[%emt 0:00:02]} 6. bxc3 {[%emt 0:00:08]} Bg7 {[%emt 0:00:02]} 7. Bb5+ {[%emt 0:00:13]} c6 {[%emt 0:00:09]} 8. Ba4 {[%emt 0:00:06]} b5 {[%emt 0:04:28]} 9. Bb3 {[%emt 0:00:46]} a5 {[%emt 0:00:08] D85: Exchange Grünfeld: Unusual White 7th moves and lines with 7 Nf3.} (9... b4 $5) 10. Nf3 {[%emt 0:01:27]} O-O {[%emt 0:05:04]} 11. O-O {[%emt 0:18:37]} a4 {[%emt 0:01:07] White is slightly better.} 12. Bc2 {[%emt 0:00:57]} c5 {[%emt 0:00:04]} 13. Rb1 {[%emt 0:05:16]} Bg4 {[%emt 0:12:59] [#]} 14. e5 $146 {[%emt 0:14:23]} ({Predecessor:} 14. Rxb5 Bxf3 15. Qxf3 cxd4 16. cxd4 Nc6 17. Be3 Nxd4 18. Bxd4 Qxd4 19. a3 Rfd8 20. Rb4 {½-½ (83) Moroni,L (2588)-Deac,B (2679) Chess.com INT 2022}) 14... Nc6 {[%emt 0:03:56]} 15. Be4 {[%emt 0:04:17]} (15. Rxb5 cxd4 16. Be4 (16. cxd4 Bxf3 17. gxf3 Nxd4 $15) 16... Nxe5 $1 17. cxd4 (17. Bxa8 Qxa8 18. Rxe5 Bxe5 $17) 17... Nxf3+ 18. gxf3 Bd7 $15) 15... Rc8 {[%emt 0:02:04]} 16. h3 {[%emt 0:03:13]} Bxf3 {[%emt 0:01:51]} 17. Qxf3 {[%emt 0:00:34]} Qd7 {[%emt 0:00:09]} 18. Bd3 {[%emt 0:31:06]} (18. Rxb5 $2 Nxd4 $1 {[%mdl 512]} 19. cxd4 Qxb5 $19) (18. Bxc6 $11 Rxc6 19. Be3 (19. Rxb5 cxd4 20. Rd5 Qc7 $15)) 18... cxd4 $15 {[%emt 0:04:23]} 19. Bxb5 {[%emt 0:00:12]} dxc3 {[%emt 0:00:34]} 20. Qxc3 {[%emt 0:03:51]} Qd5 {[%emt 0:04:23]} (20... Qf5 $5 {[%cal Rf5b1]} 21. Qd3 Qxd3 22. Bxd3 Bxe5 $15) 21. Bxa4 {[%emt 0:10:27]} (21. Qe3 $11) 21... Qxa2 {[%emt 0:01:58]} (21... Bxe5 22. Qb3 Qe4 23. Qc2 Qxc2 24. Bxc2 $11) 22. Ra1 {[%emt 0:05:32]} Nxe5 {[%emt 0:05:02] Hoping for ...Qxa4.} 23. Rxa2 {[%emt 0:00:36]} Rxc3 {[%emt 0:00:05]} 24. Bd2 {[%emt 0:00:54]} Rcc8 {[%emt 0:01:13]} 25. Bb5 {[%emt 0:00:07]} Rc5 {[%emt 0:02:15]} 26. Be2 {[%emt 0:00:38]} Nc6 {[%emt 0:00:16]} 27. Rc1 {[%emt 0:00:16]} Rxc1+ {[%emt 0:00:07]} 28. Bxc1 {[%emt 0:00:01]} Rb8 {[%emt 0:01:25]} 29. Be3 {[%emt 0:01:48]} Bd4 {[%emt 0:02:28]} 30. Bh6 {[%emt 0:03:11]} Bg7 {[%emt 0:00:18]} 31. Be3 {[%emt 0:00:11] This bishop pair is nice.} h5 {[%emt 0:00:30]} 32. g3 {[%emt 0:02:29]} e6 {[%emt 0:01:27][%cal Be7e6,Be6e5][%mdl 32]} 33. Kg2 {[%emt 0:00:08]} Nb4 {[%emt 0:00:22]} 34. Rd2 {[%emt 0:03:16]} Nd5 {[%emt 0:02:10]} 35. Rd3 {[%emt 0:01:35]} Nxe3+ {[%emt 0:09:15]} 36. Rxe3 $17 {[%emt 0:00:01][%mdl 4096] Endgame KRB-KRB} Bd4 {[%emt 0:00:09]} 37. Rd3 {[%emt 0:00:02]} e5 {[%emt 0:00:07]} 38. Rd2 {[%emt 0:00:01]} Kg7 {[%emt 0:00:23]} 39. h4 {[%emt 0:00:03]} Kh6 {[%emt 0:02:11]} 40. f4 {[%emt 0:00:56]} (40. Bc4 $15) 40... Be3 $1 {[%emt 0:03:58][%csl LRd2,LRf4]} 41. Rd7 {[%emt 1:59:52]} exf4 {[%emt 1:59:59]} 42. gxf4 {[%emt 0:00:26]} f5 {[%emt 0:02:18]} 43. Kf3 {[%emt 0:00:00]} Bc1 {[%emt 0:00:22]} 44. Bc4 {[%emt 0:00:24]} Rc8 {[%emt 0:00:08]} ({Inferior is} 44... Rb4 45. Rc7 $17) 45. Bf7 {[%emt 0:00:52]} (45. Bd3 $17) 45... Rc3+ $19 {[%emt 0:00:48]} 46. Kg2 {[%emt 0:00:00]} Bxf4 {[%emt 0:00:00]} 47. Bg8 {[%emt 0:00:00][%csl Gg8][%cal Rd7h7]} g5 {[%emt 0:04:04]} 48. Be6 {[%emt 0:00:00]} Kg6 {[%emt 0:02:02]} (48... gxh4 $19 {has better winning chances.} 49. Bxf5 Re3) 49. Rd5 $17 {[%emt 0:00:00]} g4 {[%emt 0:00:49]} ({Better is} 49... gxh4 $17 {Threatens to win with ...h3+.} 50. Bxf5+ Kh6) 50. Bxf5+ $15 {[%emt 0:00:00]} Kf6 {[%emt 0:00:00] And now ...Rh3 would win.} 51. Bh7 {[%emt 0:00:00]} Be5 {[%emt 0:00:50] aiming for ...Rg3+.} 52. Bg6 {[%emt 0:00:00]} g3 {[%emt 0:04:46]} (52... Kxg6 53. Rxe5 Rh3 54. Rg5+ Kh6 55. Ra5 $15) (52... Rh3 $17 53. Bxh5 Rh2+ 54. Kf1 Rh1+ 55. Ke2 Rh2+ 56. Ke3 Rxh4) 53. Ra5 {[%emt 0:00:00]} Rc4 {[%emt 0:02:10]} 54. Ra6+ {[%emt 0:00:00]} Kg7 {[%emt 0:00:10]} 55. Bxh5 {[%emt 0:00:00]} (55. Re6 $11) 55... Rxh4 $17 {[%emt 0:01:04]} ({Don't play} 55... Rc2+ $6 56. Kf3 $11) 56. Rg6+ {[%emt 0:00:00]} Kh7 {[%emt 0:00:00]} 57. Rg5 {[%emt 0:00:00]} Rh2+ {[%emt 0:02:21]} 58. Kf3 $2 {[%emt 0:00:00][%mdl 8192]} (58. Kg1 $17) 58... Rf2+ $19 {[%emt 0:00:02]} 59. Kg4 {[%emt 0:00:00] [#]} Bf4 $1 {[%emt 0:01:23]} 60. Rg6 {[%emt 0:00:00]} Rf1 {[%emt 0:01:31]} 61. Kf5 {[%emt 0:00:00] [#]} Bg5+ $1 {[%emt 0:01:58]} 62. Ke4 {[%emt 0:00:00]} Rf4+ {[%emt 0:00:42]} 63. Kd3 {[%emt 0:00:00]} Rf5 {[%emt 0:00:11]} 64. Ke4 {[%emt 0:00:00]} Rf4+ {[%emt 0:02:17]} 65. Kd3 $1 {[%emt 0:00:00] [#]} Bh4 $1 {[%emt 0:05:45]} 66. Re6 {[%emt 0:00:00]} g2 {[%emt 0:00:09]} 67. Rg6 {[%emt 0:00:00]} Rf5 {[%emt 0:00:25] ( -> ...Rg5)} 68. Rxg2 {[%emt 0:00:00]} Rxh5 $17 {[%emt 0:00:00] KRB-KR} 69. Ke4 {[%emt 0:00:00]} Bf6 {[%emt 0:00:00]} 70. Kf4 {[%emt 0:00:00]} Bg7 {[%emt 0:00:00]} 71. Ke4 {[%emt 0:00:00]} Kg8 {[%emt 0:00:00]} 72. Rg6 {[%emt 0:00:00]} Kf7 {[%emt 0:00:00]} 73. Ra6 {[%emt 0:00:00]} Bf6 {[%emt 0:00:00]} 74. Ra8 {[%emt 0:00:00]} Rh4+ {[%emt 0:00:00]} 75. Kf5 {[%emt 0:00:00]} Rh5+ {[%emt 0:00:00]} 76. Ke4 $1 {[%emt 0:00:00]} Rb5 {[%emt 0:00:00] Against Rb8. Black is better.} 77. Kf4 {[%emt 0:00:00]} Be5+ {[%emt 0:00:00]} 78. Ke4 {[%emt 0:00:00]} Bd6 {[%emt 0:00:00]} 79. Rh8 {[%emt 0:00:00] White happily takes the draw.  Weighted Error Value: White=0.29 (precise) /Black=0.11 (very precise)} 1/2-1/2

[Event "10th Norway Chess 2022"]
[Site "Stavanger"]
[Date "2022.06.09"]
[Round "8.1"]
[White "So, Wesley"]
[Black "Topalov, Veselin"]
[Result "1/2-1/2"]
[WhiteElo "2766"]
[BlackElo "2730"]
[Annotator "TA"]
[PlyCount "63"]
[EventDate "2022.05.30"]
[EventType "tourn"]
[EventCountry "NOR"]
[SourceTitle "playchess.com"]
[Source "ChessBase"]
[SourceQuality "1"]
[TimeControl "40/7200:0"]

{[%evp 18,63,22,24,20,14,14,13,19,3,13,5,5,4,14,4,18,15,32,14,20,0,0,0,0,0,0,0,0,0,0,0,0,0,0,0,0,0,0,0,0,0,0,0,0,0,0,0]} 1. e4 {[%emt 0:00:07]} e5 {[%emt 0:00:05]} 2. Nf3 {[%emt 0:00:19]} Nc6 {[%emt 0:00:05]} 3. Bb5 {[%emt 0:01:48]} Nf6 {[%emt 0:00:10]} 4. O-O {[%emt 0:00:17][%cal Bh1f1,Bf1e1,Be1e5][%mdl 32]} Nxe4 {[%emt 0:00:05]} 5. Re1 {[%emt 0:00:06]} Nd6 {[%emt 0:00:04]} 6. Nxe5 {[%emt 0:00:20]} Be7 {[%emt 0:00:11]} 7. Bf1 {[%emt 0:00:07]} Nxe5 {[%emt 0:00:05]} 8. Rxe5 {[%emt 0:00:04]} O-O {[%emt 0:00:09]} 9. d4 {[%emt 0:00:04]} Bf6 {[%emt 0:00:14]} 10. Re1 {[%emt 0:00:06]} Re8 {[%emt 0:00:18] C67: Ruy Lopez: Berlin Defence: 4 0-0 Nxe4.} 11. c3 {[%emt 0:00:09]} Rxe1 {[%emt 0:00:16]} 12. Qxe1 {[%emt 0:00:05]} Ne8 {[%emt 0:00:24]} 13. a4 {[%emt 0:00:24]} a5 {[%emt 0:00:27]} 14. Bf4 {[%emt 0:01:13]} d5 {[%emt 0:00:47]} 15. Nd2 {[%emt 0:00:06] [#]} c6 $146 {[%emt 0:01:38]} ({Predecessor:} 15... Nd6 16. Nb3 Bf5 17. Nc5 b6 18. Nd3 Qf8 19. Qe3 Nc4 20. Qf3 Bxd3 21. Bxd3 Nxb2 {1-0 (33) Kovalev,V (2648)-Sadhwani,R (2545) Chess.com INT 2020}) 16. h3 {[%emt 0:04:09]} g6 {[%emt 0:04:59]} 17. Nf3 {[%emt 0:07:59]} Nd6 {[%emt 0:03:18]} 18. Bd3 {[%emt 0:03:57]} Bf5 {[%emt 0:04:13] The position is equal.} 19. Bxf5 {[%emt 0:00:07]} Nxf5 {[%emt 0:00:06]} 20. Qe2 {[%emt 0:00:04]} Qe7 {[%emt 0:07:40]} 21. Re1 {[%emt 0:01:43]} Qxe2 {[%emt 0:00:32]} 22. Rxe2 {[%emt 0:00:07]} Ng7 {[%emt 0:00:19]} 23. Be5 {[%emt 0:00:54]} Bxe5 {[%emt 0:00:55]} 24. Nxe5 $11 {[%emt 0:00:18][%mdl 4096] Endgame KRN-KRN} f6 {[%emt 0:04:42]} 25. Nd3 {[%emt 0:03:02] Strongly threatening Re7.} Kf7 {[%emt 0:00:51] Prevents Re7+.} 26. g4 {[%emt 0:01:18]} Ne6 {[%emt 0:05:23]} 27. Kg2 {[%emt 0:01:30]} h5 {[%emt 0:03:29]} 28. Re3 {[%emt 0:06:59]} hxg4 {[%emt 0:09:52]} 29. hxg4 {[%emt 0:00:09]} g5 {[%emt 0:00:42]} 30. Rh3 {[%emt 0:00:58]} Kg6 {[%emt 0:00:21]} 31. Re3 {[%emt 0:00:05]} Kf7 {[%emt 0:00:06]} 32. Rh3 {[%emt 0:00:21] An uneventful encounter.  Weighted Error Value: White=0.04 (flawless) /Black=0.03 (flawless)} 1/2-1/2